Online
Catalog

Dioses familiares : (Record no. 11685)

MARC details
000 -CABECERA
campo de control de longitud fija 00825cam a2200253 a 4500
001 - NÚMERO DE CONTROL
campo de control 000012017
005 - FECHA Y HORA DE LA ÚLTIMA TRANSACCIÓN
campo de control 20250401133620.0
008 - DATOS DE LONGITUD FIJA--INFORMACIÓN GENERAL
campo de control de longitud fija 990708s1999 pe a f000 0 spa
020 ## - NÚMERO INTERNACIONAL ESTÁNDAR DEL LIBRO
Número Internacional Estándar del Libro 997275507X
035 ## - NÚMERO DE CONTROL DEL SISTEMA
Número de control de sistema (DLC) 99224414
035 ## - NÚMERO DE CONTROL DEL SISTEMA
Número de control de sistema (BoCbEI)ei 990300128
040 ## - FUENTE DE LA CATALOGACIÓN
Centro catalogador/agencia de origen DO-SdBNP
Lengua de catalogación DLC
Centro/agencia transcriptor DLC
Centro/agencia modificador BNPHU
082 ## - NÚMERO DE LA CLASIFICACIÓN DECIMAL DEWEY
Número de clasificación 398.3
Número de documento/Ítem M656d
049 ## - FONDOS LOCALES (OCLC)
Fondos de biblioteca BNGR
100 1# - ENTRADA PRINCIPAL--NOMBRE DE PERSONA
Nombre de persona Millones, Luis.
9 (RLIN) 28421
245 10 - MENCIÓN DE TÍTULO
Título Dioses familiares :
Resto del título festivales populares en el Perú contemporáneo /
Mención de responsabilidad, etc. Luis Millones.
260 ## - PUBLICACIÓN, DISTRIBUCIÓN, ETC.
Lugar de publicación, distribución, etc. Lima, (Perú) :
Nombre del editor, distribuidor, etc. Congreso del Perú,
Fecha de publicación, distribución, etc. 1999.
300 ## - DESCRIPCIÓN FÍSICA
Extensión 291 p. :
Otras características físicas il ;
Dimensiones 21 cm.
500 ## - NOTA GENERAL
Nota general Reimpresión del año 2000.
504 ## - NOTA DE BIBLIOGRAFÍA, ETC.
Nota de bibliografía, etc. Incluye referencias bibliográficas: (p. 277-291).
650 #0 - PUNTO DE ACCESO ADICIONAL DE MATERIA--TÉRMINO DE MATERIA
Término de materia o nombre geográfico como elemento de entrada Folclore
9 (RLIN) 33448
650 #4 - PUNTO DE ACCESO ADICIONAL DE MATERIA--TÉRMINO DE MATERIA
Término de materia o nombre geográfico como elemento de entrada Religiosidad popular
Subdivisión geográfica Perú.
9 (RLIN) 28422
910 ## - DATOS DE OPCIÓN DEL USUARIO (OCLC)
Datos de opción del usuario Catalogación por copia/LC
Holdings
Estado de retiro Estado de pérdida Restricciones de uso No para préstamo Código de colección Localización permanente Ubicación/localización actual Ubicación en estantería Fecha de adquisición Número de inventario Total de préstamos Signatura topográfica completa Código de barras Fecha visto por última vez Precio válido a partir de Tipo de ítem Koha
    Préstamo interno   Monografías: Libros y Folletos General General En catalogación 03.11.2009 LF1   398.3 M656d 12017-10 25.06.2020 25.06.2020 Préstamo interno

Powered by Koha